| 000 | 01396naa a22003617a 4500 | ||
|---|---|---|---|
| 001 | BR7804288 | ||
| 003 | BR-BrBNA | ||
| 005 | 20240918174119.0 | ||
| 007 | ta | ||
| 008 | 230509b bl.||||| |||| 00| 0 por d | ||
| 040 |
_aBR-BrBNA _bpor _cBiblioteca Nacional de Agricultura |
||
| 041 | _a(Pt) | ||
| 072 |
_aS10 _b1100 _bG514 |
||
| 090 | _aS10 BR7804288 | ||
| 100 | 1 | _aHiroce, R. | |
| 100 | 1 | _aCarvalho, A.M. | |
| 100 | 1 | _aBataglia, O.C. | |
| 100 | 1 | _aFurlani, P.R. | |
| 100 | 1 | _aFurlani, A.M.C. | |
| 100 | 1 | _aSantos, R.R. | |
| 100 | 1 | _aRomano Gallo, J. | |
| 111 | 1 |
_a4. Congresso Brasileiro de Fruticultura _cSalvador, BA (Brazil) _d23 Jan 1977 |
|
| 245 | 1 | _aComposicao mineral de frutos tropicais na colheita [Brasil] | |
| 260 | 3 |
_aCruz das Almas, BA (Brasil): _c1978. |
|
| 500 | _aCunha Sobrinho, A.P.; Matos, A.P. de (eds.) Anais do 4. Congresso Brasileiro de Fruticultura Cruz das Almas, BA (Brasil): 1978. p. 357-364 (BR7804288-AM)S10 | ||
| 650 | _aComposicao de alimento | ||
| 650 | _aFruta tropical | ||
| 650 | _aPropriedade organoleptica | ||
| 650 | _aValor nutritivo | ||
| 773 | 0 |
_tAnais do 4. Congresso Brasileiro de Fruticultura _aCunha Sobrinho, A.P.; Matos, A.P. de (eds.). Sociedade Brasileira de Fruticultura, Cruz das Almas, BA _wS10 BR7804288 _gCruz das Almas, BA (Brasil), 1978. p. 357-364 |
|
| 909 |
_a202404 _bLucia _c55 _dLucia Elande |
||
| 942 |
_cAM _2AGRIS |
||
| 999 |
_c308990 _d308990 |
||